The Sacred books of China (Record no. 58650)
[ view plain ]
| 000 -LEADER | |
|---|---|
| fixed length control field | 00630nam a2200241Ia 4500 |
| 003 - CONTROL NUMBER IDENTIFIER | |
| control field | 0100 |
| 008 - FIXED-LENGTH DATA ELEMENTS--GENERAL INFORMATION | |
| fixed length control field | 130303s9999 xx 000 0 und d |
| 040 ## - CATALOGING SOURCE | |
| Transcribing agency | ARRUPELIB |
| 050 ## - LIBRARY OF CONGRESS CALL NUMBER | |
| Classification number | BL1900.A1S3 1962 |
| 300 ## - PHYSICAL DESCRIPTION | |
| Other physical details | 23 cm. |
| 245 #4 - TITLE STATEMENT | |
| Title | The Sacred books of China |
| 245 ## - TITLE STATEMENT | |
| Remainder of title | the texts of Taoism |
| 260 ## - PUBLICATION, DISTRIBUTION, ETC. (IMPRINT) | |
| Place of publication, distribution, etc | New York |
| 260 ## - PUBLICATION, DISTRIBUTION, ETC. (IMPRINT) | |
| Name of publisher, distributor, etc | Dover Publications |
| 260 ## - PUBLICATION, DISTRIBUTION, ETC. (IMPRINT) | |
| -- | 1962 |
| 300 ## - PHYSICAL DESCRIPTION | |
| Extent | 396p. |
| 440 ## - SERIES STATEMENT/ADDED ENTRY--TITLE | |
| Title | The sacred books of the east |
| 650 ## - SUBJECT ADDED ENTRY--TOPICAL TERM | |
| Topical term following geographic name as entry element | Holocaust, Jewish (1939-1945) |
| 650 ## - SUBJECT ADDED ENTRY--TOPICAL TERM | |
| Location of event | Jews-Germany-History-1933-1945 |
| 650 ## - SUBJECT ADDED ENTRY--TOPICAL TERM | |
| Active dates | Germany-Ethnic relations |
| 700 ## - ADDED ENTRY--PERSONAL NAME | |
| Personal name | Legge, James (tr.) |
| 942 ## - ADDED ENTRY ELEMENTS (KOHA) | |
| Source of classification or shelving scheme | Library of Congress Classification |
| Koha issues (borrowed), all copies | 2 |
| Withdrawn status | Lost status | Source of classification or shelving scheme | Damaged status | Not for loan | Collection code | Home library | Current library | Shelving location | Date acquired | Total Checkouts | Full call number | Barcode | Date last seen | Date checked out | Copy number | Price effective from | Koha item type |
|---|---|---|---|---|---|---|---|---|---|---|---|---|---|---|---|---|---|
| Library of Congress Classification | Main Collection | ARRUPE LIBRARY | ARRUPE LIBRARY | 05/03/2013 | 4 | BL1900.A1S3 1962 | 46003089553 | 18/12/2025 | 14/10/2025 | 1 | 05/03/2013 | Monograph ( Printed materials) |